[Event "mature men 11"]
[Site "SchemingMind.com"]
[Date "2007.02.02"]
[Round "-"]
[White "badbishop"]
[Black "ernesto fonseca"]
[Result "0-1"]
[WhiteCountry "POL"]
[BlackCountry "NCA"]
[WhiteElo "2151"]
[WhiteRD "83"]
[BlackElo "2110"]
[BlackRD "79"]
[GameID "90007"]

1. d4 d5 2. c4 e6 3. Nc3 Nf6 4. cxd5 exd5 5. Bg5 Be7 6. e3 c6 7. Bd3 Ne4 8. Bxe7 Qxe7 9. Bxe4 dxe4 10. Nge2 O-O
11. Ng3 f5= 12. O-O Be6 13. f3 exf3 14. Rxf3 Na6 15. Qe2 Nc7 16. Raf1 Rae8 17. a3 a6 18. Nh5 Nb5 19. Rg3 Rf7 20. Qd2 Bc4
21. Rf4 Nxc3 22. Qxc3 Be2 23. Rff3 Bxf3 24. Rxf3 Qg5 25. Nf4 Re4 26. Qb3 Qe7 27. Kf2 Qh4+ 28. Kf1 Qxh2 29. Rh3 Rxf4+ 30. exf4 Qxf4+
31. Rf3 Qxd4
0-1